Statistics for Electric Light Orchestra (ELO) Albums

Click here to take the quiz!

General Stats

  • This quiz has been taken 59 times
  • The average score is 10 of 15

Answer Stats

YearAlbum% Correct
1971The Electric Light Orchestra
90%
1977Out of the Blue
88%
1979Discovery
84%
1981Time
84%
1976A New World Record
80%
1974Eldorado
80%
1973ELO 2
74%
1973On the Third Day
66%
1983Secret Messages
64%
1975Face the Music
62%
1986Balance of Power
58%
2001Zoom
58%
1980Xanadu
56%
2019*From Out of Nowhere
44%
2015*Alone in the Universe
40%

Score Distribution

Percentile by Number Answered

Percent of People with Each Score

Your Score History

You have not taken this quiz